000
00242nam a2200097Ia 4500
008
230915s9999 xx 000 0 und d
050
_a
REF K3230.K58.C.3
100
_a
KITUO CHA SHERIA
245
0
_a
LAWYERS REFERENCE MATERIALS
942
_c
BK
999
_c
198330
_d
198330